000 00632nam a2200169Ia 4500
999 _c2762
_d2762
003 DO-SdBJH
005 20180418013212.0
008 180414s9999 dr 000 0 spa d
040 _aDO-SdBJH
_bspa
_cDO-SdBJH
090 _aDM PIC 2003
110 _aInstituto Militar de Educación Superior "General Juan Pablo Duarte y Diez"
245 1 0 _aPrograma de instrucción del curso de "locución"
260 _aSanto Domingo, República Dominicana : Instituto Militar de Educación Superior "General Juan Pablo Duarte y Diez", 2003
300 _a12 páginas en varias paginaciones
650 4 _aPrograma -- Locución
942 _2ddc
_cBK